Most expensive beers - Statistics

General Stats
  • This quiz has been taken 10 times
  • The average score is 5 of 7
Answer Stats
Hint Answer % Correct
£5.92 Asahi
100%
£6.36 Beavertown Neck Oil
100%
£5.82 Birra Moretti
100%
£6.08 Peroni
100%
£5.81 Estrella Damm
50%
£5.64 Brewdog Punk IPA
25%
£5.72 Camden Hells
25%
No matching quizzes found
Score Distribution
Percent of People with Each Score
Percentile by Number Answered
Your Score History
You have not taken this quiz